Electrónica industrial moderna
Saved in:
| Hovedforfatter: | |
|---|---|
| Format: | Bog |
| Sprog: | spansk |
| Udgivet: |
Ciudad de México
Prentice Hall Hispanoamericana
1997
|
| Udgivelse: | 2a. ed |
| Fag: | |
| Tags: |
Tilføj Tag
Ingen Tags, Vær først til at tagge denne postø!
|
MARC
| LEADER | 00000nam a2200000 a 4500 | ||
|---|---|---|---|
| 001 | UCQ9858 | ||
| 003 | CL-VaPUC | ||
| 008 | 990121e19970000MX |||||||||||||||||spa|d | ||
| 082 | 0 | 4 | |a 621.381 |b MAL |2 21 |
| 100 | |a Maloney, Timothy J. |e autor |9 502478 | ||
| 245 | 1 | 0 | |a Electrónica industrial moderna |
| 250 | |a 2a. ed | ||
| 300 | |a 845 p | ||
| 942 | |c BK | ||
| 945 | |d 19990121 00:00:00 |a aarredon | ||
| 260 | |a Ciudad de México |b Prentice Hall Hispanoamericana |c 1997 | ||
| 650 | 7 | |a ELECTRONICA INDUSTRIAL |2 CL-VaPUC |9 263363 | |
| 650 | 0 | |a Tecnología electrónica |9 334386 | |
| 650 | 0 | |a Circuitos integrados |9 260673 | |
| 650 | 7 | |a INSTRUMENTOS DE MEDIDAS ELECTRICAS |2 CL-VaPUC |9 356874 | |
| 650 | 7 | |a DISPOSITIVOS SEMICONDUCTORES |2 CL-VaPUC |9 361201 | |
| 650 | 0 | |a Circuitos integrados |9 260673 | |
| 650 | 0 | |a Amplificadores |9 338119 | |
| 650 | 0 | |a Circuitos lógicos |9 263161 | |
| 650 | 0 | |a Voltaje |9 362861 | |
| 650 | 7 | |a POTENCIAL ELECTRICO |2 CL-VaPUC |9 424563 | |
| 583 | |a last modification |c 19990121 00:00:00 |k Rodrigo Vera | ||
| 999 | |c 278758 |d 278756 | ||
| 952 | |0 0 |1 0 |4 0 |6 621_381000000000000_MAL_1997 |7 0 |8 A |9 317521 |a BIBING |b BIBING |d 2019-11-20 |i 3865479 |o 621.381 MAL 1997 |p 3865479 |r 2025-01-20 |w 2019-11-20 |y BK |k EIE | ||